Rivington's building construction (Record no. 103472)

MARC details
000 -LEADER
fixed length control field 01652cam a2200505 4500
008 - FIXED-LENGTH DATA ELEMENTS--GENERAL INFORMATION
fixed length control field 040128n2004 000 0 eng u
020 ## - INTERNATIONAL STANDARD BOOK NUMBER
International Standard Book Number 1873394667
035 ## - SYSTEM CONTROL NUMBER
System control number (Sirsi) u125791
041 ## - LANGUAGE CODE
Language code of text/sound track or separate title eng
050 ## - LIBRARY OF CONGRESS CALL NUMBER
Classification number 690
-- 18
100 ## - MAIN ENTRY--PERSONAL NAME
Personal name Smith, Percy
245 ## - TITLE STATEMENT
Title Rivington's building construction
260 ## - PUBLICATION, DISTRIBUTION, ETC.
Place of publication, distribution, etc. Shaftesbury
Name of publisher, distributor, etc. Donhead
Date of publication, distribution, etc. 2004
300 ## - PHYSICAL DESCRIPTION
Extent 1
Type of unit v. (346p.)
Other physical details ill.
Dimensions 25cm.
490 ## - SERIES STATEMENT
Series statement Rivington's Series of Notes on Building Construction
505 ## - FORMATTED CONTENTS NOTE
Formatted contents note Walling and arches
505 ## - FORMATTED CONTENTS NOTE
Formatted contents note Brickwork
505 ## - FORMATTED CONTENTS NOTE
Formatted contents note Masonry
505 ## - FORMATTED CONTENTS NOTE
Formatted contents note Brickwork and masonry
505 ## - FORMATTED CONTENTS NOTE
Formatted contents note Carpentry - joints and fastenings
505 ## - FORMATTED CONTENTS NOTE
Formatted contents note Carpentry - floors
505 ## - FORMATTED CONTENTS NOTE
Formatted contents note Carpentry - timber beams, curved ribs, and trussed timber girders
505 ## - FORMATTED CONTENTS NOTE
Formatted contents note Carpentry -partitions
505 ## - FORMATTED CONTENTS NOTE
Formatted contents note Carpentry - centres
505 ## - FORMATTED CONTENTS NOTE
Formatted contents note Carpentry - timber roofs
505 ## - FORMATTED CONTENTS NOTE
Formatted contents note Roof coverings
505 ## - FORMATTED CONTENTS NOTE
Formatted contents note Slating
505 ## - FORMATTED CONTENTS NOTE
Formatted contents note Plumber's work
505 ## - FORMATTED CONTENTS NOTE
Formatted contents note Steel and iron girders
505 ## - FORMATTED CONTENTS NOTE
Formatted contents note Riveting
505 ## - FORMATTED CONTENTS NOTE
Formatted contents note Steel or iron roofs
520 ## - SUMMARY, ETC.
Summary, etc. Second volume in this three volume work looking in detail at the forms, methods and materials used in building construction. This volume covers various construction methods and elements of building design.
650 ## - SUBJECT ADDED ENTRY--TOPICAL TERM
Topical term or geographic name entry element BUILT ENVIRONMENT-BUILDING MATERIALS
650 ## - SUBJECT ADDED ENTRY--TOPICAL TERM
Topical term or geographic name entry element BUILDING TRADES
650 ## - SUBJECT ADDED ENTRY--TOPICAL TERM
Topical term or geographic name entry element RIVETING
650 ## - SUBJECT ADDED ENTRY--TOPICAL TERM
Topical term or geographic name entry element BRICKWORK
650 ## - SUBJECT ADDED ENTRY--TOPICAL TERM
Topical term or geographic name entry element MASONRY
650 ## - SUBJECT ADDED ENTRY--TOPICAL TERM
Topical term or geographic name entry element CARPENTRY
650 ## - SUBJECT ADDED ENTRY--TOPICAL TERM
Topical term or geographic name entry element ROOFING
650 ## - SUBJECT ADDED ENTRY--TOPICAL TERM
Topical term or geographic name entry element CONSTRUCTION METHODS
650 ## - SUBJECT ADDED ENTRY--TOPICAL TERM
Topical term or geographic name entry element CONSTRUCTION TECHNIQUES
650 ## - SUBJECT ADDED ENTRY--TOPICAL TERM
Topical term or geographic name entry element BUILT ENVIRONMENT-BUILDING MATERIALS
690 ## - LOCAL SUBJECT ADDED ENTRY--TOPICAL TERM (OCLC, RLIN)
Topical term or geographic name as entry element BUILT ENVIRONMENT
942 ## - ADDED ENTRY ELEMENTS (KOHA)
Suppress in OPAC 0

No items available.